00602nam a2200217 a 450000100060000000300090000600500170001500800410003202000150007304000280008805000090011608200090012510000220013424500610015626000520021730000080026949000320027765000210030965000310033065000230036121671CO-ViMGA20230915231552.0141112s2004 ck r 000 u spa d a9681663977 aCO-ViMGAbspacCO-ViMGA aHORh04aHORh1 aHorowitz, Anthony10aEl horrible sueño de Harriet y otros cuentos de terror aMexico : bFondo de cultura económica, c2002 a158 aA la orilla del viento; 15414aCUENTOS INGLESES14aCUENTOS JUVENILES INGLESES14aMISTERIO - CUENTOS